20 Most Valuable Football Squads 2025 - Statistics

General Stats
  • This quiz has been taken 4,131 times
    2,124 since last reset
  • The average score is 18 of 20
Answer Stats
# Country Value Answer % Correct
1. England €1.31b Manchester City
100%
2. Spain €1.27bn Real Madrid
100%
4. Spain €1.02bn Barcelona
99%
8. Germany €859m Bayern Munich
99%
6. France €923.50m Paris Saint-Germain
99%
3. England €1.13bn Arsenal
98%
11. Italy €663.80m Inter Milan
98%
5. England €993.50m Liverpool
98%
10. England €694.25m Manchester United
98%
7. England €922m Chelsea
97%
17. Italy €523.50m AC Milan
96%
9. England €836.10m Tottenham Hotspur
95%
15. Italy €623.20m Juventus
93%
18. Spain €515.80m Atlético Madrid
89%
12. Germany €644.05m Bayer Leverkusen
86%
13. England €635.00m Newcastle United
84%
14. England €627.50m Aston Villa
83%
20. Portugal €487.50m Sporting CP
77%
19. Germany €510.75m RB Leipzig
64%
16. England €555.60m Brighton
49%
No matching quizzes found
Score Distribution
Percent of People with Each Score
Percentile by Number Answered
Your Score History
You have not taken this quiz since the last reset